000 00479nam a2200181Ia 4500
001 22647
005 20260414150844.0
008 260414t2017||||xx |||||||||||||| ||spa||
041 _aESP
082 _a621.3824
_bW23
100 _aWang, Zhancang
_eAUT
245 0 _aHigh-efficiency load modulation power amplifiers for wireless communications
_b
260 _c2017
300 _axiii, 371 páginas :
_c26 cm.
650 _aTCA
654 _aCET
942 _cLIB
_dJUS
_fJUS
_2ddc
_n
999 _c22647
_d22647